| Tag |
First Indicator |
Second Indicator |
Subfields |
| LEADER |
00000cam a2200000 a 4500 |
| 001 |
in00000992001 |
| 005 |
20150927180548.0 |
| 008 |
890329s1989 cou 00110 eng |
| 010 |
|
|
|a 89032382
|
| 020 |
|
|
|a 0071721436
|
| 035 |
|
|
|a (OCoLC)19590586
|
| 035 |
|
|
|9 AEY9959AM
|
| 040 |
|
|
|a DLC
|c DLC
|d UtOrBLW
|
| 049 |
|
|
|a TXAM
|
| 050 |
0 |
0 |
|a HD1375
|b .S225 1989
|
| 082 |
0 |
0 |
|a 333.33/068
|2 20
|
| 100 |
1 |
|
|a Saft, Stuart M.
|
| 245 |
1 |
0 |
|a Commercial real estate transactions /
|c Stuart M. Saft.
|
| 264 |
|
1 |
|a Colorado Springs, Colo. :
|b Shepard's/McGraw-Hill,
|c [1989]
|
| 264 |
|
4 |
|c ©1989
|
| 300 |
|
|
|a xxii, 392 pages ;
|c 27 cm.
|
| 336 |
|
|
|a text
|b txt
|2 rdacontent
|
| 337 |
|
|
|a unmediated
|b n
|2 rdamedia
|
| 338 |
|
|
|a volume
|b nc
|2 rdacarrier
|
| 490 |
1 |
|
|a Shepherd's Real estate series
|
| 500 |
|
|
|a Includes index.
|
| 500 |
|
|
|a Includes 1991 supplement in pocket at end of bound volume.
|
| 650 |
|
0 |
|a Real estate business.
|
| 830 |
|
0 |
|a Real estate series (Colorado Springs, Colo.)
|
| 999 |
|
|
|a MARS
|
| 999 |
f |
f |
|s d7a1ab63-14ef-311d-9479-e01183ec6417
|i 51c6bc8d-e625-3182-b063-12e118d93725
|t 0
|
| 952 |
f |
f |
|p ric
|a Texas A&M University
|b Rellis Campus
|c Joint Library Facility
|d Remote Storage
|t 0
|e HD1375 .S225 1989
|h Library of Congress classification
|i unmediated -- volume
|m A14815281032
|
| 998 |
f |
f |
|a HD1375 .S225 1989
|t 0
|l Remote Storage
|